<?xml version="1.0" encoding="UTF-8"?>
<record
    xmlns:xsi="http://www.w3.org/2001/XMLSchema-instance"
    xsi:schemaLocation="http://www.loc.gov/MARC21/slim http://www.loc.gov/standards/marcxml/schema/MARC21slim.xsd"
    xmlns="http://www.loc.gov/MARC21/slim">

  <leader>01140cam a2200361 a 4500</leader>
  <controlfield tag="001">625642</controlfield>
  <controlfield tag="003">yeezen</controlfield>
  <controlfield tag="005">20250701152859.0</controlfield>
  <controlfield tag="008">240807s2024    ch ad  g b    001 0 chi d</controlfield>
  <datafield tag="020" ind1=" " ind2=" ">
    <subfield code="a">9789863684756</subfield>
    <subfield code="q">(&#x5E73;&#x88DD;) :</subfield>
    <subfield code="c">&#x65B0;&#x81FA;&#x5E63;380&#x5143;</subfield>
  </datafield>
  <datafield tag="040" ind1=" " ind2=" ">
    <subfield code="a">CIP</subfield>
    <subfield code="b">chi</subfield>
    <subfield code="c">FGUL</subfield>
    <subfield code="d">FGUL</subfield>
    <subfield code="e">ccr</subfield>
  </datafield>
  <datafield tag="041" ind1="1" ind2=" ">
    <subfield code="a">chi</subfield>
    <subfield code="h">jpn</subfield>
  </datafield>
  <datafield tag="042" ind1=" " ind2=" ">
    <subfield code="a">nbic</subfield>
  </datafield>
  <datafield tag="084" ind1=" " ind2=" ">
    <subfield code="a">417.8</subfield>
    <subfield code="2">ncsclt</subfield>
  </datafield>
  <datafield tag="090" ind1=" " ind2=" ">
    <subfield code="a">417.8</subfield>
  </datafield>
  <datafield tag="100" ind1="1" ind2=" ">
    <subfield code="a">&#x5DDD;&#x8D8A;&#x539A;</subfield>
  </datafield>
  <datafield tag="240" ind1="1" ind2="0">
    <subfield code="a">&#x304C;&#x3093;&#x60A3;&#x8005;&#x306E;&#x5728;&#x5B85;&#x30DB;&#x30B9;&#x30D4;&#x30B9;&#x30B1;&#x30A2;</subfield>
    <subfield code="l">&#x4E2D;&#x6587;</subfield>
  </datafield>
  <datafield tag="245" ind1="1" ind2="0">
    <subfield code="a">&#x5C45;&#x5BB6;&#x5B89;&#x5BE7;&#x7642;&#x8B77;&#x5FC5;&#x4FEE;&#x8AB2; :</subfield>
    <subfield code="b">&#x764C;&#x75C7;&#x60A3;&#x8005;&#x7684;&#x6700;&#x7D42;&#x65C5;&#x7A0B; /</subfield>
    <subfield code="c">&#x5DDD;&#x8D8A;&#x539A;&#x539F;&#x8457; ; &#x5F35;&#x610F;&#x60E0;, &#x9EC3;&#x5343;&#x777F;&#x8B6F;</subfield>
  </datafield>
  <datafield tag="246" ind1="3" ind2="0">
    <subfield code="a">&#x764C;&#x75C7;&#x60A3;&#x8005;&#x7684;&#x6700;&#x7D42;&#x65C5;&#x7A0B;</subfield>
  </datafield>
  <datafield tag="250" ind1=" " ind2=" ">
    <subfield code="a">&#x521D;&#x7248;</subfield>
  </datafield>
  <datafield tag="260" ind1=" " ind2=" ">
    <subfield code="a">&#x65B0;&#x5317;&#x5E02;&#x6C50;&#x6B62;&#x5340; :</subfield>
    <subfield code="b">&#x5408;&#x8A18;,</subfield>
    <subfield code="c">2024.02</subfield>
  </datafield>
  <datafield tag="300" ind1=" " ind2=" ">
    <subfield code="a">9, 222&#x9762; :</subfield>
    <subfield code="b">&#x5716;, &#x8868;&#x683C; ;</subfield>
    <subfield code="c">23&#x516C;&#x5206;</subfield>
  </datafield>
  <datafield tag="500" ind1=" " ind2=" ">
    <subfield code="a">&#x542B;&#x7D22;&#x5F15;</subfield>
  </datafield>
  <datafield tag="500" ind1=" " ind2=" ">
    <subfield code="a">&#x9644;&#x9304;: &#x672C;&#x66F8;&#x4E2D;&#x76F8;&#x95DC;&#x95DC;&#x9375;&#x8853;&#x8A9E;&#x7684;&#x5B9A;&#x7FA9;&#x7B49;4&#x7A2E;</subfield>
  </datafield>
  <datafield tag="504" ind1=" " ind2=" ">
    <subfield code="a">&#x53C3;&#x8003;&#x66F8;&#x76EE;: &#x9762;210-213.</subfield>
  </datafield>
  <datafield tag="650" ind1=" " ind2="7">
    <subfield code="a">&#x764C;&#x75C7;</subfield>
    <subfield code="2">lcstt.</subfield>
  </datafield>
  <datafield tag="650" ind1=" " ind2="7">
    <subfield code="a">&#x5B89;&#x5BE7;&#x7167;&#x8B77;</subfield>
    <subfield code="2">lcstt.</subfield>
  </datafield>
  <datafield tag="650" ind1=" " ind2="7">
    <subfield code="a">&#x751F;&#x547D;&#x7D42;&#x671F;&#x7167;&#x8B77;</subfield>
    <subfield code="2">lcstt.</subfield>
  </datafield>
  <datafield tag="700" ind1="1" ind2=" ">
    <subfield code="a">&#x5F35;&#x610F;&#x60E0;</subfield>
  </datafield>
  <datafield tag="700" ind1="1" ind2=" ">
    <subfield code="a">&#x9EC3;&#x5343;&#x777F;</subfield>
  </datafield>
  <datafield tag="765" ind1="0" ind2=" ">
    <subfield code="t">&#x304C;&#x3093;&#x60A3;&#x8005;&#x306E;&#x5728;&#x5B85;&#x30DB;&#x30B9;&#x30D4;&#x30B9;&#x30B1;&#x30A2;</subfield>
  </datafield>
  <datafield tag="942" ind1=" " ind2=" ">
    <subfield code="2">ccl</subfield>
    <subfield code="c">LNTERM</subfield>
  </datafield>
  <datafield tag="999" ind1=" " ind2=" ">
    <subfield code="c">7649</subfield>
    <subfield code="d">7649</subfield>
  </datafield>
  <datafield tag="952" ind1=" " ind2=" ">
    <subfield code="0">0</subfield>
    <subfield code="1">0</subfield>
    <subfield code="2">ccl</subfield>
    <subfield code="4">0</subfield>
    <subfield code="7">0</subfield>
    <subfield code="a">yeezen</subfield>
    <subfield code="b">yeezen</subfield>
    <subfield code="c">N016</subfield>
    <subfield code="d">2025-07-01</subfield>
    <subfield code="l">3</subfield>
    <subfield code="m">1</subfield>
    <subfield code="o">417.8</subfield>
    <subfield code="p">C03235</subfield>
    <subfield code="q">2026-06-30</subfield>
    <subfield code="r">2026-01-02 00:00:00</subfield>
    <subfield code="s">2026-01-02</subfield>
    <subfield code="w">2025-07-01</subfield>
    <subfield code="y">LNTERM</subfield>
  </datafield>
</record>
